Kashmir, by Led Zeppelin Lyrics - Statistics

General Stats
  • This quiz has been taken 13 times
  • The average score is 140 of 294
Answer Stats
Lyrics % Correct
I
100%
a
92%
the
92%
The
92%
an
83%
and
83%
And
83%
be
83%
my
83%
My
83%
Oh
83%
oh
83%
to
83%
To
83%
down
75%
me
75%
of
75%
sun
75%
When
75%
when
75%
am
67%
have
67%
I'm
67%
Kashmir
67%
let
67%
Let
67%
time
67%
where
67%
Who
67%
who
67%
you
67%
all
58%
beat
58%
both
58%
face
58%
on
58%
space
58%
traveler
58%
upon
58%
way
58%
been
50%
elders
50%
in
50%
I've
50%
see
50%
stars
50%
that
50%
will
50%
with
50%
With
50%
yeah
50%
dream
42%
gentle
42%
No
42%
no
42%
Ooh
42%
ooh
42%
race
42%
revealed
42%
through
42%
was
42%
which
42%
As
33%
as
33%
baby
33%
days
33%
fill
33%
grace
33%
movin'
33%
not
33%
sit
33%
so
33%
stay
33%
take
33%
there
33%
again
25%
brown
25%
but
25%
clear
25%
Come
25%
come
25%
could
25%
ear
25%
find
25%
for
25%
from
25%
inside
25%
La
25%
mama
25%
Mama
25%
quite
25%
seldom
25%
story
25%
they
25%
this
25%
beneath
17%
burns
17%
cares
17%
desert
17%
heard
17%
led
17%
moon
17%
place
17%
relate
17%
return
17%
sand
17%
seen
17%
summer
17%
Though
17%
Tryin'
17%
turns
17%
word
17%
years
17%
yellow
17%
ain't
8%
Along
8%
caress
8%
dust
8%
eyes
8%
filled
8%
flyin'
8%
ground
8%
has
8%
Heed
8%
high
8%
land
8%
like
8%
path
8%
pilot
8%
Shangri
8%
Sounds
8%
storm
8%
stream
8%
talk
8%
thoughts
8%
wait
8%
wasted
8%
world
8%
Across
0%
blows
0%
denyin'
0%
father
0%
fear
0%
four
0%
June
0%
leaves
0%
lilting
0%
open
0%
provision
0%
sails
0%
scan
0%
sea
0%
songs
0%
straits
0%
Sure
0%
Talks
0%
tongues
0%
trace
0%
winds
0%
No matching quizzes found
Score Distribution
Percent of People with Each Score
Percentile by Number Answered
Your Score History
You have not taken this quiz